<?xml version="1.0" encoding="UTF-8"?>
<record
    xmlns:xsi="http://www.w3.org/2001/XMLSchema-instance"
    xsi:schemaLocation="http://www.loc.gov/MARC21/slim http://www.loc.gov/standards/marcxml/schema/MARC21slim.xsd"
    xmlns="http://www.loc.gov/MARC21/slim">

  <leader>01572cam a22002897a 4500</leader>
  <controlfield tag="001">459</controlfield>
  <controlfield tag="005">20230425105845.0</controlfield>
  <controlfield tag="008">110822s2011    nyua          000 1 eng  </controlfield>
  <datafield tag="020" ind1=" " ind2=" ">
    <subfield code="a">9780843198416</subfield>
  </datafield>
  <datafield tag="020" ind1=" " ind2=" ">
    <subfield code="a">0843198419</subfield>
  </datafield>
  <datafield tag="040" ind1=" " ind2=" ">
    <subfield code="a">DLC</subfield>
    <subfield code="c">DLC</subfield>
    <subfield code="d">DLC</subfield>
  </datafield>
  <datafield tag="050" ind1="0" ind2="0">
    <subfield code="a">MLCM 2012/42182 (P)</subfield>
  </datafield>
  <datafield tag="082" ind1=" " ind2=" ">
    <subfield code="a">741.5</subfield>
  </datafield>
  <datafield tag="100" ind1="1" ind2=" ">
    <subfield code="a">Black, Jake.</subfield>
  </datafield>
  <datafield tag="245" ind1="1" ind2="0">
    <subfield code="a">Green Lantern :</subfield>
    <subfield code="b">Hal Jordan, defender of Earth /</subfield>
    <subfield code="c">adapted by Jake Black ; illustrated by Steven E. Gordon ; screenplay by Greg Berlanti &amp; Michael Green &amp; Marc Guggenheim and Michael Goldberg ; screenstory by Greg Berlanti &amp; Michael Green &amp; Marc Guggenheim, based upon characters appearing in comic books published by DC Comics.</subfield>
  </datafield>
  <datafield tag="246" ind1="3" ind2=" ">
    <subfield code="a">Hal Jordan, defender of Earth</subfield>
  </datafield>
  <datafield tag="260" ind1=" " ind2=" ">
    <subfield code="a">New York :</subfield>
    <subfield code="b">Price Stern Sloan,</subfield>
    <subfield code="c">2011.</subfield>
  </datafield>
  <datafield tag="300" ind1=" " ind2=" ">
    <subfield code="a">47 pages :</subfield>
    <subfield code="b">illustrations ;</subfield>
    <subfield code="c">23 cm.</subfield>
  </datafield>
  <datafield tag="500" ind1=" " ind2=" ">
    <subfield code="a">"Green Lantern, Level 3"--Cover.</subfield>
  </datafield>
  <datafield tag="505" ind1=" " ind2=" ">
    <subfield code="a">K</subfield>
  </datafield>
  <datafield tag="520" ind1=" " ind2=" ">
    <subfield code="a">During a routine test flight above the deserts of the Southwest, ace pilot HAL JORDAN has a too-close-for-comfort encounter with a UFO. His jet takes a nosedive, but before HAL bites the dust, a gigantic green hand appears, grabs the aircraft, and prevents the crash. The mysterious UFO reveals HAL'S alien rescuer who possesses an amazing green ring of untold power. What does HAL do when the alien offers him the ring, and announces that the human pilot is now the new GUARDIAN OF EARTH?</subfield>
  </datafield>
  <datafield tag="521" ind1=" " ind2=" ">
    <subfield code="a">540 
</subfield>
    <subfield code="b">Lexile</subfield>
  </datafield>
  <datafield tag="521" ind1=" " ind2=" ">
    <subfield code="a">K 
</subfield>
    <subfield code="b">Raz-Plus</subfield>
  </datafield>
  <datafield tag="700" ind1="1" ind2=" ">
    <subfield code="a">Gordon, Steven E.</subfield>
  </datafield>
  <datafield tag="906" ind1=" " ind2=" ">
    <subfield code="a">7</subfield>
    <subfield code="b">cbc</subfield>
    <subfield code="c">origres</subfield>
    <subfield code="d">4</subfield>
    <subfield code="e">ncip</subfield>
    <subfield code="f">20</subfield>
    <subfield code="g">y-gencatlg</subfield>
  </datafield>
  <datafield tag="942" ind1=" " ind2=" ">
    <subfield code="2">ddc</subfield>
    <subfield code="c">BK</subfield>
    <subfield code="n">0</subfield>
  </datafield>
  <datafield tag="999" ind1=" " ind2=" ">
    <subfield code="c">459</subfield>
    <subfield code="d">459</subfield>
  </datafield>
  <datafield tag="952" ind1=" " ind2=" ">
    <subfield code="0">0</subfield>
    <subfield code="1">0</subfield>
    <subfield code="2">ddc</subfield>
    <subfield code="4">0</subfield>
    <subfield code="7">0</subfield>
    <subfield code="8">JUVF</subfield>
    <subfield code="a">001</subfield>
    <subfield code="b">001</subfield>
    <subfield code="c">TK Yellow</subfield>
    <subfield code="d">2023-04-25</subfield>
    <subfield code="l">1</subfield>
    <subfield code="o">BLA 741.5 PZ7.B52893</subfield>
    <subfield code="p">FISTK00756</subfield>
    <subfield code="r">2023-10-23 08:49:47</subfield>
    <subfield code="s">2023-08-14</subfield>
    <subfield code="w">2023-04-25</subfield>
    <subfield code="y">BK</subfield>
  </datafield>
</record>
